Specificity in plant diseases. (Record no. 33376)

MARC details
000 -LEADER
fixed length control field 00415nam a2200145Ia 4500
082 ## - DEWEY DECIMAL CLASSIFICATION NUMBER
Classification number 581.2
Item number WOO
100 ## - MAIN ENTRY--AUTHOR NAME
Personal name GRANITI, A
245 #0 - TITLE STATEMENT
Title Specificity in plant diseases.
260 ## - PUBLICATION, DISTRIBUTION, ETC. (IMPRINT)
Place of publication New York
Name of publisher Plenum
Year of publication 1976
490 ## - SERIES STATEMENT
Series statement NATO Advanced study Institute series A. Life Sciences.; v 10
650 ## - SUBJECT ADDED ENTRY--TOPICAL TERM
Topical Term Plant disease specificity
700 ## - ADDED ENTRY--PERSONAL NAME
Personal name WOOD, R K S
942 ## - ADDED ENTRY ELEMENTS (KOHA)
Koha item type Books
Holdings
Withdrawn status Lost status Damaged status Not for loan Home library Current library Date acquired Full call number Accession Number Koha item type
        RRII Library RRII Library 16/12/2021 581.2 WOO 13874 Books